00271nam a2200109Ia 4500008004100000100002200041245004000063260002000103260000900123546001200132999001700144170619s9999 xx 000 0 und d aKhan- M. Y. Jain 0aFinancial management text- problems bNew Delhi T M H c2004 aENGLISH c21945d21945